Paige Crawley
Oxford A
Categories
Other | 0 | 3 | 0 | 1 | 30 | 76 | 102.33 | 1 | 2 |
Social Science | 0 | 3 | 1 | 0 | 25 | 71 | 90.67 | 2 | 2 |
Mythology | 0 | 1 | 0 | 0 | 10 | 82 | 82.00 | 0 | 0 |
Fine Arts - Classical Music | 0 | 1 | 0 | 0 | 10 | 99 | 99.00 | 0 | 0 |
Philosophy | 0 | 1 | 0 | 0 | 10 | 70 | 70.00 | 1 | 1 |
Science - Other Science | 0 | 1 | 0 | 1 | 10 | 121 | 121.00 | 0 | 0 |
Science - Biology | 0 | 1 | 1 | 0 | 5 | 60 | 60.00 | 0 | 1 |
History - Other History | 0 | 1 | 2 | 0 | 0 | 71 | 71.00 | 1 | 1 |
History - European History | 0 | 0 | 1 | 0 | -5 | 0.00 | 0 | 0 | |
Literature - European Literature | 0 | 0 | 1 | 0 | -5 | 0.00 | 0 | 0 | |
History - American History | 0 | 0 | 2 | 0 | -10 | 0.00 | 0 | 0 | |
Fine Arts - Other Fine Arts | 0 | 0 | 3 | 0 | -15 | 0.00 | 0 | 0 |